000 01179cam a22003737a 4500
003 CHAP
005 20220817044053.0
008 051206d2004 it a rn 00110 eng d
010 _a91510
011 _a92482
020 _a9251052018
035 _a103046
040 _cCHAP
082 0 4 _a639.2
_bF3 2004 v.134
110 2 _aFAO
245 1 0 _aFishing boat designs:
_b2 V-bottom boats of planked plywood construction
_c/by Oyvind Gulbrandsen
250 _aEd. rev.
260 _aRome :
_bFAO,
_c2004.
300 _a64 p. :
_bilus.
410 2 0 _aFAO
490 0 _aDocumento técnico de pesca
_v; 134 rev. 2
590 _aBATCH-UPD
_b10
_c20130110
_lUCH01
_h0736
590 _aBATCH-UPD
_b10
_c20130410
_lUCH01
_h1034
590 _aBATCH-UPD
_b10
_c20130914
_lUCH01
_h1215
590 _aCONVERSION
_b10
_c20130109
_lUCH01
_h1351
650 1 4 _aPesca
_xEmbarcaciones
_xConstrucción.
_987377
700 0 _aGulbrandsen, Øyvind.
_951449
810 0 _aFAO
830 0 0 _aDocumento técnico de pesca
_v; 134 rev. 2
_933242
901 _aBK
905 _aAlejandra Carrasco M.
942 _cLIBRO
949 _a639.2 F3 2004 v.134
_bBC
_cLIBRO
_d33724000968574
_eLIBRO
_h107071
_i103046
_sb
999 _c91510
_d91510